000 00555nam a2200181Ia 4500
008 151018s9999 xx 000 0 und d
082 _bRBASDV7071
_a891.463
100 _aचंद्रकांत काकोडकर
245 _aशाप
250 _b1
260 _bसिधदार्थ साहित्य
_c1968
300 _a144
600 _aचंद्रकांत काकोडकर
630 _aशाप
700 _aचंद्रकांत काकोडकर
730 _aशाप
942 _cBOOK
999 _c1009440
_d1009437